LEADER 03365nam 2200745Ia 450 001 9910450972203321 005 20200520144314.0 010 $a1-282-19497-6 010 $a9786612194979 010 $a3-11-019993-9 024 3 $z9783110183443 035 $a(CKB)1000000000335168 035 $a(EBL)280179 035 $a(OCoLC)476023368 035 $a(SSID)ssj0000280148 035 $a(PQKBManifestationID)11210809 035 $a(PQKBTitleCode)TC0000280148 035 $a(PQKBWorkID)10286382 035 $a(PQKB)10662679 035 $a(MiAaPQ)EBC280179 035 $a(WaSeSS)Ind00009594 035 $a(DE-B1597)32268 035 $a(OCoLC)992492689 035 $a(DE-B1597)9783110199932 035 $a(Au-PeEL)EBL280179 035 $a(CaPaEBR)ebr10154753 035 $a(CaONFJC)MIL219497 035 $a(OCoLC)122256689 035 $a(EXLCZ)991000000000335168 100 $a20750901d2005 uy 0 101 0 $ager 135 $aur|n|---||||| 181 $ctxt 182 $cc 183 $acr 200 00$aMammalia$b[electronic resource] 205 $aReprint 2020 210 $aNew York $cW. de Gruyter$d2005 215 $a1 online resource (256 p.) 225 1 $aHandbuch der Zoologie ;$v8 225 0 $aChiroptera ;$v3 300 $aDescription based upon print version of record. 311 $a3-11-018344-7 320 $aIncludes bibliographical references and index. 327 $a1. Wohnra?ume; 1.0. Einleitung; 1.1. Megachiroptera; 1.2. Microchiroptera; 1.3. Zusammenfassung; 1.4. Zeitliche Nutzung der Tages-quartiere; 1.5. Na?chtliche Ruhepla?tze; 2. Nahrung und Erna?hrung; 2.0. Einleitung; 2.1. Microchiroptera; 2.2. Megachiroptera; 3. Fortpflanzung und Entwicklung; 3.0. Einleitung; 3.1. Fortpflanzungszyklen; 3.2. Fru?he Embryonalentwicklung und; 3.3. Geburt; 3.4. Tragzeiten; 3.5. Laktation und Milch; 3.6. Postnatale Entwicklung; 3.7. Die Entwicklung des Haarkleides; 4. Temperaturregulation, Torpor und Winterschlaf; 4.0. Einleitung; 4.1. Megachiroptera 327 $a4.2. Microchiroptera5. Soziale Strukturen und soziales Verhalten; 5.0. Einleitung; 5.1. Soziale Strukturen; 5.2. Soziales Verhalten und Kommuni-kation; 5.3. Mehrartige Gruppierungen 330 $aThis third Part (62) of Volume VIII (Mammalia) of the Handbook of Zoology completes the series on bats. In this volume Erwin Kulzer presents the biology of bats, drawing on the profound knowledge from a lifetime of study. The contents reach from egg maturation to birth, from nutrition and its acquisition to social behavior and communicative relationships. In each chapter numerous figures and tables supplement the text. An extensive reference list of more than 1300 titles makes the book an indispensable reference work. 410 0$aHandbuch der Zoologie ;$v8. 606 $aZoology 606 $aMammals 608 $aElectronic books. 615 0$aZoology. 615 0$aMammals. 676 $a590 676 $a591.5 700 $aKulzer$b Erwin, $4aut$4http://id.loc.gov/vocabulary/relators/aut$01043424 701 $aKrumbach$b Thilo$fb. 1874.$01043425 701 $aKu?kenthal$b W. G$g(Willy Georg),$f1861-1922.$084567 801 0$bMiAaPQ 801 1$bMiAaPQ 801 2$bMiAaPQ 906 $aBOOK 912 $a9910450972203321 996 $aMammalia$92468389 997 $aUNINA LEADER 01458nlm 2200289 450 001 996464053303316 005 20220412112224.0 100 $a20140413h2014---- uy 0 101 0 $aeng 102 $aUK 135 $adrcnu 200 1 $aSilk biomaterials for tissue engineering and regenerative medicine$fedited by S. C. Kundu 210 1 $aCambridge$cWoodhead Publishing$d2014 215 $aTesto elettronico (PDF) (555 p.) 225 2 $aWoodhead Publishing Series in Biomaterials$v74 230 $aBase dati testuale 330 $aLa seta viene sempre più utilizzata come biomateriale per applicazioni di ingegneria tissutale, nonché per suture, grazie alle sue proprietà meccaniche e chimiche uniche. I biomateriali della seta per l'ingegneria dei tessuti e la medicina rigenerativa discuteranno le proprietà della seta che la rendono utile per scopi medici e le sue applicazioni in quest'area. La prima parte fornirà un'introduzione ai biomateriali della seta, discutendo i fondamenti dei biomateriali della seta, come vengono lavorati e considerando diversi tipi di biomateriali della seta. 410 0$aWoodhead Publishing series in biomaterials$v, 74 606 0 $aBiomateriali$2BNCF 676 $a616.02774 702 1$aKUNDU,$bS. C. 801 0$aIT$bcba$cREICAT 912 $a996464053303316 959 $aEB 969 $aER 996 $aSilk biomaterials for tissue engineering and regenerative medicine$92814545 997 $aUNISA LEADER 03529nam 22006495 450 001 9910377826803321 005 20250609110111.0 010 $a3-030-40164-2 024 7 $a10.1007/978-3-030-40164-1 035 $a(CKB)4100000010327862 035 $a(DE-He213)978-3-030-40164-1 035 $a(MiAaPQ)EBC6110034 035 $a(PPN)242980236 035 $a(MiAaPQ)EBC6206904 035 $a(EXLCZ)994100000010327862 100 $a20200214d2020 u| 0 101 0 $aeng 135 $aurnn|008mamaa 181 $ctxt$2rdacontent 182 $cc$2rdamedia 183 $acr$2rdacarrier 200 10$aGears $eVolume 3: A Concise History /$fby Vincenzo Vullo 205 $a1st ed. 2020. 210 1$aCham :$cSpringer International Publishing :$cImprint: Springer,$d2020. 215 $a1 online resource (XVI, 246 p. 110 illus.) 225 1 $aSpringer Series in Solid and Structural Mechanics,$x2195-3511 ;$v12 311 08$a3-030-40163-4 320 $aIncludes bibliographical references and index. 327 $aIntroduction -- The first pre-scientific age: from the dawn of technological man to the birth of science -- The first scientific age and birth of the science: from the beginning of Hellenism to the diaspora of scientists of the museum of Alexandria -- The second pre-scientific age: from the diaspora of Alexandrian scientists to the Renaissance -- The second scientific age: grom Galileo to today. 330 $aThis book provides a compact history of gears, by summarizing the main stages of their development and the corresponding gradual acquisition of engineering expertise, from the antiquity to the Renaissance and the twentieth century. This brief history makes no claim to be exhaustive, since the topic is so extensive, complex and fascinating that it deserves an entire encyclopedia. Despite its brevity, the book debunks a number of popular misconceptions, such as the belief that the first literary description of a gear was supplied by Aristotle. It disproves not only this myth, but also other peremptory statements and/or axiomatic assumptions that have no basis in written documents, archaeological findings or other factual evidence. The book is chiefly intended for students and lecturers, historians of science and scientists, and all those who want to learn about the genesis and evolution of this topic. 410 0$aSpringer Series in Solid and Structural Mechanics,$x2195-3511 ;$v12 606 $aTechnology?History 606 $aVibration 606 $aDynamics 606 $aDynamics 606 $aMachinery 606 $aHistory of Technology$3https://scigraph.springernature.com/ontologies/product-market-codes/T29000 606 $aVibration, Dynamical Systems, Control$3https://scigraph.springernature.com/ontologies/product-market-codes/T15036 606 $aMachinery and Machine Elements$3https://scigraph.springernature.com/ontologies/product-market-codes/T17039 615 0$aTechnology?History. 615 0$aVibration. 615 0$aDynamics. 615 0$aDynamics. 615 0$aMachinery. 615 14$aHistory of Technology. 615 24$aVibration, Dynamical Systems, Control. 615 24$aMachinery and Machine Elements. 676 $a621.8 676 $a621.833 700 $aVullo$b Vincenzo$4aut$4http://id.loc.gov/vocabulary/relators/aut$0911355 801 0$bMiAaPQ 801 1$bMiAaPQ 801 2$bMiAaPQ 906 $aBOOK 912 $a9910377826803321 996 $aGears$92040919 997 $aUNINA